Soggetto e identità : il rapporto anima-corpo in Merleau-Ponty e Foucault /

محفوظ في:
التفاصيل البيبلوغرافية
المؤلف الرئيسي: Righetti, Stefano, (1966- )
التنسيق: كتاب
اللغة:الإيطالية
منشور في: Modena : Mucchi, 2006
سلاسل:Mucchi University press
الموضوعات:
الوسوم: إضافة وسم
لا توجد وسوم, كن أول من يضع وسما على هذه التسجيلة!

MARC

LEADER 00000nam a22000007i 4500
001 IT\ICCU\BVE\0409141
003 ItRI
005 20260115231917.0
008 061019s2006 it |||||| ||||| |||||c
020 |a 8870004449 
040 |b ita  |c importazione bologna sebina 
041 7 |a ita  |2 ISO-639-2 
100 1 |a Righetti, Stefano,  |d  (1966- )  |0 IT\ICCU\CFIV\262537 
245 1 0 |a Soggetto e identità :  |b il rapporto anima-corpo in Merleau-Ponty e Foucault /  |c Stefano Righetti. 
260 |a Modena :  |b Mucchi,  |c 2006 
300 |a 320 p. ;  |c 21 cm. 
650 7 |a Filosofia 
830 0 |a Mucchi University press  |0 IT\ICCU\BVE\0409144 
942 |2 ddc  |c BK  |n 0 
952 |0 0  |1 0  |4 0  |6 DOC_194_000000000000000_RIG  |7 0  |9 16196  |a BO  |b BO  |d 2026-01-15  |i 11175  |l 0  |o DOC 194 RIG  |p BO11175  |r 2026-01-15 23:19:17  |w 2026-01-15  |x [Sebina 5] [1 v.]  |y BK  |z 1 v. 
999 |c 13905  |d 13905